000 00573nam a2200205Ia 4500
003 GCL
008 140319s9999 xx 000 0 aFre d
040 _aGCL /
_cGCL
082 0 4 _aCC
_b644.7523
_bR P
100 1 _aRIZQALLAH, FAWZYA
245 1 0 _aLA PREPARATION DU PAIN DANS UN VILLAGE DU DELTA EGYPTIEN : PROVINCE DE CHARGIA /
_cRIZQALLAH, FAWZYA
700 1 _aRIZQALLAH, KAMAL
260 _a[S.N] :
_bIFAO ،
_c1978
300 _a52 P
650 0 4 _aCOOKERY
650 0 4 _aANCIENT EGYPT
650 0 4 _aFOOD TECHNOLOGY
650 0 4 _aBREADINDUSTRY
942 _2ddc
_cBK
999 _c15574
_d15574